000 00594nam a2200205 a 4500
005 20210223124048.0
008 991125n 000 0 spa u
035 _aUPN01000105622
100 1 _aSolé Gallart, Isabel
_930029
222 0 _aAULA DE INNOVACION EDUCATIVA
245 0 0 _a¿Lectura en educación infantil? ¡Sí gracias! / Isabel Sole Gallart
260 _aBarcelona, España
300 _a15-18
362 0 _a1996 No. 46, ene.
653 0 _aEDUCACION INFANTIL
653 0 _aLECTURA
653 0 _aPROCESO ENSEÑANZA-APRENDIZAJE
904 _aAC
_b043433
905 _aArticulo
999 _c79565
_d79565